000 00630nam a2200181Ia 4500
008 100917s9999 xx 000 0 und d
082 _b59331
100 _aकालेलकर मधुकर
245 _aअपराध मीच केला (आवृत्ती 3 री)
260 _bरंजना प्रकाशन
_c1970
300 _a103
365 _b5
520 _aनाटक
630 _aअपराध मीच केला (आवृत्ती 3 री)
650 _aनाटक
730 _aअपराध मीच केला (आवृत्ती 3 री)
942 _cBOOK
999 _c664725
_d664722